| 000 | 00917nam a2200289 a 4500 | ||
|---|---|---|---|
| 999 |
_c128086 _d128086 |
||
| 001 | 2619602 | ||
| 003 | ARRUPE | ||
| 005 | 20180904115441.0 | ||
| 008 | 980123s1997 fr b 000 0 fre | ||
| 010 | _a 98107091 | ||
| 020 | _a2259026427 | ||
| 035 | _a(FrPJT)JTL00006528 | ||
| 040 |
_aDLC _cDLC |
||
| 050 | 0 | 0 |
_aPS3527 _b.A15 G8 |
| 100 | 1 |
_aNabokov, Vladimir _941941 |
|
| 245 | 1 | 3 |
_aLe guetteur / _cVladimir Nabokov |
| 260 |
_aFrance : _bGallimard _cc1968 |
||
| 300 |
_a152p. ; _c18 cm. |
||
| 440 |
_aFolio _n1580 _941942 |
||
| 650 | 0 |
_aJudaism _xHistory. _9684 |
|
| 906 |
_a7 _bcbc _corignew _d3 _encip _f19 _gy-gencatlg |
||
| 942 |
_2lcc _cMONOGRAPH |
||